|
|
|
|
| LEADER |
00000nam0a2200000 4500 |
| 001 |
114791 |
| 005 |
20231031122350.0 |
| 035 |
|
|
|a (RuTPU)RU\TPU\book\124144
|
| 090 |
|
|
|a 114791
|
| 100 |
|
|
|a 20070426d1987 k y0rusy50 ca
|
| 101 |
0 |
|
|a rus
|
| 102 |
|
|
|a RU
|
| 105 |
|
|
|a y b 000zy
|
| 200 |
1 |
|
|a Основная продукция азотной промышленности
|e каталог
|f Отделение научно-исследовательского института технико-экономических исследований; под ред. Т. М. Миргородской
|
| 210 |
|
|
|a Черкассы
|c НИИТЭХИМ
|d 1987
|
| 215 |
|
|
|a 55 с.
|
| 610 |
1 |
|
|a каталоги
|
| 610 |
1 |
|
|a азот
|
| 610 |
1 |
|
|a азотная промышленность
|
| 610 |
1 |
|
|a неорганические материалы
|
| 610 |
1 |
|
|a органические вещества
|
| 610 |
1 |
|
|a катализаторы
|
| 675 |
|
|
|a 661.56(085)
|v 3
|
| 702 |
|
1 |
|a Миргородская
|b Т. М.
|4 340
|
| 712 |
0 |
2 |
|a Отделение научно-исследовательского института технико-экономических исследований
|
| 801 |
|
1 |
|a RU
|b 63413507
|c 20070426
|g PSBO
|
| 942 |
|
|
|c BK
|